Hamlet / (Registro nro. 24742)
[ vista simple ]
| 000 -CABECERA | |
|---|---|
| campo de control de longitud fija | 00564nam a2200181 a 4500 |
| 001 - NÚMERO DE CONTROL | |
| campo de control | 000025249 |
| 005 - FECHA Y HORA DE LA ÚLTIMA TRANSACCIÓN | |
| campo de control | 20200930023647.0 |
| 008 - DATOS DE LONGITUD FIJA--INFORMACIÓN GENERAL | |
| campo de control de longitud fija | 110211nuuuuuuuuck r 000 0 spa d |
| 040 ## - FUENTE DE LA CATALOGACIÓN | |
| Centro catalogador/agencia de origen | DO-SdBNP |
| Lengua de catalogación | spa |
| Centro/agencia transcriptor | BNPHU |
| 082 ## - NÚMERO DE LA CLASIFICACIÓN DECIMAL DEWEY | |
| Número de clasificación | xxxxx |
| Número de documento/Ítem | S527h |
| 049 ## - FONDOS LOCALES (OCLC) | |
| Fondos de biblioteca | BNGR |
| 100 1# - ENTRADA PRINCIPAL--NOMBRE DE PERSONA | |
| Nombre de persona | Shakespeare, William, |
| Fechas asociadas al nombre | 1564-1616 |
| 9 (RLIN) | 6748 |
| 245 10 - MENCIÓN DE TÍTULO | |
| Título | Hamlet / |
| Mención de responsabilidad, etc. | William Shakespeare ; introducción Luis Astrana Marín. |
| 260 ## - PUBLICACIÓN, DISTRIBUCIÓN, ETC. | |
| Lugar de publicación, distribución, etc. | Medellín, Colombia : |
| Nombre del editor, distribuidor, etc. | Bedout, |
| Fecha de publicación, distribución, etc. | [19??]. |
| 300 ## - DESCRIPCIÓN FÍSICA | |
| Extensión | 130 p. ; |
| Dimensiones | 18.5 cm. |
| 490 1# - MENCIÓN DE SERIE | |
| Mención de serie | Bolsilibros Bedout ; |
| Designación de volumen o secuencia | 37 |
| 830 #0 - PUNTO DE ACCESO ADICIONAL DE SERIE-TÍTULO UNIFORME | |
| Título uniforme | Bolsilibros Bedout ; |
| Número de parte o sección de la obra | 37 |
| 9 (RLIN) | 51745 |
| Estado de retiro | Estado de pérdida | Restricciones de uso | No para préstamo | Código de colección | Localización permanente | Ubicación/localización actual | Ubicación en estantería | Fecha de adquisición | Número de inventario | Total de préstamos | Signatura topográfica completa | Código de barras | Fecha visto por última vez | Precio válido a partir de | Tipo de ítem Koha |
|---|---|---|---|---|---|---|---|---|---|---|---|---|---|---|---|
| Monografías: Libros y Folletos | General | General | En catalogación | 11.02.2011 | LF1 | xxxxx S527h | 25249-10 | 25.06.2020 | 25.06.2020 | Préstamo en sala |
